L'agriculture française en proie à l'écologisme : Moissons interdites (notice n° 2208475)
[ vue normale ]
| 000 -LEADER | |
|---|---|
| fixed length control field | 00992cam a2200133 4500500 |
| 005 - DATE AND TIME OF LATEST TRANSACTION | |
| control field | 20260405090838.0 |
| 041 ## - LANGUAGE CODE | |
| Language code of text/sound track or separate title | fre |
| 042 ## - AUTHENTICATION CODE | |
| Authentication code | dc |
| 100 10 - MAIN ENTRY--PERSONAL NAME | |
| Personal name | Monnier, Claude |
| Relator term | author |
| 245 00 - TITLE STATEMENT | |
| Title | L'agriculture française en proie à l'écologisme : Moissons interdites |
| 260 ## - PUBLICATION, DISTRIBUTION, ETC. | |
| Name of publisher, distributor, etc. | L'Harmattan,<br/> |
| Date of publication, distribution, etc. | 2005.<br/> |
| 520 ## - SUMMARY, ETC. | |
| Summary, etc. | Les thèses des écologistes couramment admises et désormais politiquement correctes, telles l’incompatibilité de l’agriculture conventionnelle avec le développement durable ou le mépris du productivisme, sont largement excessives et méritent d’être réfutées. Au risque de déplaire, l’auteur prend la défense de l’agriculture scientifique et compétitive - position qui lui apparaît complètement compatible avec l’amour de la Nature. Voici des raisons de juger paralysante la politique de précaution absolue. |
| 856 41 - ELECTRONIC LOCATION AND ACCESS | |
| Uniform Resource Identifier | <a href="https://shs.cairn.info/lagriculture-francaise-en-proie-a-lecologisme--9782747579865?lang=fr&redirect-ssocas=7080">https://shs.cairn.info/lagriculture-francaise-en-proie-a-lecologisme--9782747579865?lang=fr&redirect-ssocas=7080</a> |
Pas d'exemplaire disponible.




Réseaux sociaux